000
00255nam a22001217a 4500
020
_a
0-12-607774-6
082
_a
530.429 LIR'L
100
_a
LIEBERT, L
_9
76861
245
_a
LIQUID CRYSTAL
260
_a
LONDON
_b
AP
_c
1978
300
_a
307P
942
_c
BK
999
_c
582172
_d
582172